[Event "Challenge"]
[Site "http://www.queenalice.com/game.php?id=187702"]
[Date "2007.3.25"]
[Round "-"]
[White "spawnwolfwolverine"]
[Black "MECFIELD"]
[Result "1-0"]
[WhiteElo "1700"]
[BlackElo "1557"]

1. e3 e5 2. c4 c6 3. e4 Bc5 4. d3 Qf6 5. Be3 d6 6. Bxc5 dxc5 7. Qf3 Qd6 8. Nh3
Qd4 9. Nc3 Nf6 10. Be2 h6 11. O-O Bg4 12. Qe3 Qd6 13. Bxg4 Nxg4 14. Qg3 h5 15.
f4 Qd4+ 16. Kh1 Ne3 17. Qxg7 Rf8 18. Rf2 Ng4 19. Rff1 Nd7 20. Ng5 Nf2+ 21. Rxf2
Qxf2 22. Nh7 Qxb2 23. Rf1 Qxc3 24. Nxf8 Qxd3 25. Kg1 Qe3+ 26. Kh1 Nxf8 27. Qxe5+
Ne6 28. f5 Qe2 29. Rg1 Qg4 30. fxe6 Qxe6 31. Qh8+ Ke7 32. Qxa8 Qxe4 33. Qxb7+
Kd6 34. Qxf7 h4 35. Qxa7 h3 36. Qb8+ Kd7 37. Qb7+ Kd6 38. Rd1+ 1-0

[Event "Challenge"]
[Site "http://www.queenalice.com/game.php?id=187703"]
[Date "2007.3.25"]
[Round "-"]
[White "MECFIELD"]
[Black "spawnwolfwolverine"]
[Result "1-0"]
[WhiteElo "1538"]
[BlackElo "1607"]

1. e4 e5 2. Qf3 Nc6 3. Bc4 Nf6 4. Nc3 Nd4 5. Qd3 Bc5 6. Nf3 Nxf3+ 7. Qxf3 O-O 8.
d3 d6 9. Qg3 Nh5 10. Qf3 g6 11. g4 Nf6 12. h4 Bxg4 13. Qg2 Bb4 14. Bd2 c5 15.
Nd5 Bxd2+ 16. Kxd2 Qa5+ 17. c3 Nxd5 18. Bxd5 Be6 19. h5 Bxd5 20. exd5 b5 21.
Rag1 Qxa2 22. hxg6 Qxb2+ 23. Ke3 fxg6 24. Rxh7 Kxh7 25. Qxg6+ Kh8 26. Qg7# 1-0

[Event "go?"]
[Site "http://www.queenalice.com/game.php?id=212641"]
[Date "2007.5.18"]
[Round "-"]
[White "MECFIELD"]
[Black "GusthavOX"]
[Result "0-1"]
[WhiteElo "1588"]
[BlackElo "1589"]

1. e4 e5 2. Qf3 Nc6 3. Bc4 f6 4. Nc3 Nd4 5. Qd3 Bb4 6. Nge2 Nxe2 7. Qxe2 b6 8.
Nd5 Bc5 9. O-O Bb7 10. Qh5+ g6 11. Qh4 h5 12. g4 g5 13. Qh3 h4 14. Qf3 c6 15.
Nc3 b5 16. Bb3 a5 17. Qf5 Nh6 18. Qg6+ Kf8 19. d4 Bxd4 20. Ne2 a4 21. c3 axb3
22. a3 Bb6 23. Be3 Nxg4 24. Rad1 Nxe3 25. Rd6 Ke7 26. Qxf6+ Ke8 27. Qxh8+ Ke7
0-1

[Event "Challenge"]
[Site "http://www.queenalice.com/game.php?id=214134"]
[Date "2007.5.21"]
[Round "-"]
[White "gilsinho22"]
[Black "MECFIELD"]
[Result "1-0"]
[WhiteElo "1510"]
[BlackElo "1571"]

1. e4 e5 2. Qf3 Nf6 3. Nc3 d6 4. Bc4 Bg4 5. Qd3 Nc6 6. h3 Nb4 7. Qg3 Nxc2+ 8.
Kf1 Qd7 9. hxg4 Nxa1 10. Qd3 Qxg4 11. Qb1 d5 12. Be2 Qf4 13. g3 Qg5 14. Nf3 Qg6
15. Nh4 Qh6 16. d4 g5 17. dxe5 O-O-O 18. exf6 Bc5 19. Nxd5 c6 20. Ne7+ Kc7 21.
e5 Rd6 22. exd6+ Kxd6 23. Nhf5+ Ke6 24. Rxh6 a5 25. Bc4+ Kd7 26. Bxf7 Rf8 27.
Rxh7 b5 28. Qxa1 b4 29. b3 a4 30. bxa4 Rd8 31. Bxg5 Kc7 32. Qe5+ Kb6 33. Be3
Rd1+ 34. Kg2 Ka5 35. Qxc5+ Kxa4 36. Qc2+ Ka3 37. Qxd1 c5 38. Bc1# 1-0

[Event "Challenge"]
[Site "http://www.queenalice.com/game.php?id=219150"]
[Date "2007.6.1"]
[Round "-"]
[White "Uchoas"]
[Black "MECFIELD"]
[Result "1-0"]
[WhiteElo "1560"]
[BlackElo "1588"]

1. d4 e6 2. e4 c5 3. Nf3 cxd4 4. Qxd4 Na6 5. Bxa6 bxa6 6. O-O f6 7. Nc3 d6 8. e5
fxe5 9. Nxe5 dxe5 10. Qxe5 Nh6 11. Bxh6 Bd6 12. Qh5+ g6 13. Qf3 Rb8 14. Ne4 Qc7
15. Nxd6+ Qxd6 16. Qf7+ 1-0

[Event "Challenge"]
[Site "http://www.queenalice.com/game.php?id=242873"]
[Date "2007.7.20"]
[Round "-"]
[White "MECFIELD"]
[Black "Uchoas"]
[Result "0-1"]
[WhiteElo "1553"]
[BlackElo "1497"]

1. e4 e5 2. Qf3 d6 3. h3 Nf6 4. Bc4 Nc6 5. c3 Be7 6. g4 O-O 7. d3 Na5 8. g5 Nd7
9. h4 Nxc4 10. dxc4 f6 11. g6 h6 12. Qg2 Nc5 13. Ke2 b6 14. Bxh6 Bb7 15. Nd2
gxh6 16. g7 Rf7 17. Ngf3 Rxg7 18. Ng5 fxg5 19. Rag1 Nxe4 20. Nf3 g4 21. Ng5
Nxc3+ 22. bxc3 Bxg2 23. Rxg2 Qf8 24. Ne6 Qf3+ 25. Kf1 Qd1# 0-1

[Event "Let's Play Chess!"]
[Site "http://www.queenalice.com/game.php?id=353801"]
[Date "2008.2.13"]
[Round "-"]
[White "CampbellMarcel"]
[Black "MECFIELD"]
[Result "0-1"]
[WhiteElo "1804"]
[BlackElo "1527"]

1. e4 e5 2. Nf3 Nf6 3. Bc4 d6 4. Ng5 d5 5. exd5 Bg4 6. f3 Bh5 7. g4 Bg6 8. h4 h5
9. Bb5+ c6 10. dxc6 bxc6 11. Ba4 Qd5 12. Nc3 Qd4 13. d3 Bc5 14. Qe2 Nbd7 15.
Bxc6 Rc8 16. Bxd7+ Kxd7 17. Nb5 Qb4+ 18. Nc3 Rhe8 19. a3 Qd4 20. Nb5 Qa4 21. c4
hxg4 22. fxg4 e4 23. d4 Bb4+ 24. Bd2 Bxd2+ 25. Kxd2 e3+ 26. Ke1 Rxc4 27. Nc3 Qb3
28. d5 Kd6 29. Qh2+ Kc5 30. Qc7+ Kd4 31. Rd1+ Bd3 32. Qxa7+ Ke5 33. Nxf7+ Kf4
34. Rxd3 Qxb2 35. Rf1+ Kg3 36. Rxe3+ Kg2 37. Rg1+ Kxg1 38. Re2+ Kh1 39. Qf2
Rxe2+ 40. Nxe2 Qb1+ 41. Kd2 Ne4+ 42. Ke3 Nxf2 43. Kxf2 Qc2 44. Ne5 Re4 0-1

[Event "Let's Play Chess!"]
[Site "http://www.queenalice.com/game.php?id=353843"]
[Date "2008.2.13"]
[Round "-"]
[White "axelsun"]
[Black "MECFIELD"]
[Result "1-0"]
[WhiteElo "1785"]
[BlackElo "1556"]

1. Nf3 d6 2. d4 Nc6 3. c4 e5 4. e4 Nxd4 5. Nxd4 exd4 6. Qxd4 c5 7. Qd1 Nf6 8.
Bg5 Bg4 9. Bxf6 Qa5+ 10. Bc3 h5 11. Be2 Qb6 12. Bxg4 hxg4 13. Qxg4 Be7 14. Qxg7
Rh4 15. Qg8+ Bf8 16. Bg7 Ke7 17. Bxf8+ Rxf8 18. Qg5+ f6 19. Qxh4 Qxb2 20. O-O
Qxa1 21. a3 Qd4 22. Rc1 Ke6 23. Qh6 Rg8 24. Qh3+ Kf7 25. Qd7+ Kf8 26. Qxb7 Qe5
27. Rc3 Rg7 28. Qb8+ Kf7 29. Qxa7+ Kg8 30. Rg3 Rxg3 31. Qa8+ Kg7 32. hxg3 Qb2
33. e5 Qxb1+ 34. Kh2 fxe5 35. f4 e4 36. Qd5 e3 37. Qxd6 e2 38. Qe5+ Kf7 39. Qxe2
Qb3 40. Qh5+ Ke6 41. Qxc5 Qb8 42. g4 Qh8+ 43. Kg3 Qa8 44. Qd5+ Qxd5 45. cxd5+
Kxd5 46. a4 Kc6 47. f5 Kd7 48. a5 Kc7 49. f6 Kd7 50. a6 Ke6 51. a7 Kxf6 52. a8=Q
Ke5 53. Kf3 Kf6 54. Kf4 Kg6 55. Qc6+ Kg7 56. Kf5 Kf7 57. Qe6+ Kg7 58. Qe7+ Kh6
59. Qg5+ Kh7 60. Kf6 Kh8 61. Qg7# 1-0

[Event "Challenge"]
[Site "http://www.queenalice.com/game.php?id=399369"]
[Date "2008.5.7"]
[Round "-"]
[White "axelsun"]
[Black "MECFIELD"]
[Result "1-0"]
[WhiteElo "1880"]
[BlackElo "1507"]

1. Nf3 d5 2. d4 Nc6 3. c4 dxc4 4. e4 Nf6 5. Nc3 Bg4 6. Bxc4 e6 7. O-O Nh5 8. h3
Bxf3 9. Qxf3 Nf6 10. Be3 Nxd4 11. Bxd4 Qxd4 12. Bb3 Bd6 13. Rad1 Qe5 14. g3 h5
15. Qe2 O-O-O 16. f4 Qc5+ 17. Qf2 Rh6 18. Qxc5 Bxc5+ 19. Kg2 h4 20. g4 Bd4 21.
g5 Rg6 22. Kf3 c5 23. Ne2 Nh5 24. Kg4 Nf6+ 25. Kf3 Re8 26. gxf6 Bxf6 27. Rg1 e5
28. Bxf7 exf4 29. Bxg6 Re6 30. Bf5 Kc7 31. Bxe6 Be5 32. Rd7+ Kc6 33. b4 cxb4 34.
Rc1+ Kb5 35. Rxb7+ Ka6 36. Rxb4 Ka5 37. a3 Bd6 38. Rd4 Bxa3 39. Ra1 g5 40. Rxa3+
Kb6 41. Rb4+ Kc5 42. Rd4 a6 43. Rxa6 Kb5 44. Ra1 g4+ 45. Bxg4 Kc5 46. Rc1+ 1-0

[Event "Challenge"]
[Site "http://www.queenalice.com/game.php?id=399370"]
[Date "2008.5.7"]
[Round "-"]
[White "MECFIELD"]
[Black "axelsun"]
[Result "0-1"]
[WhiteElo "1523"]
[BlackElo "1896"]

1. e4 c5 2. d4 cxd4 3. Qxd4 Nc6 4. Qe3 e5 5. Bc4 Nf6 6. Nf3 Be7 7. Qg5 Rg8 8.
O-O Nxe4 9. Qf5 d5 10. Rd1 Bxf5 11. Rxd5 Qc7 12. Nc3 Nxc3 13. bxc3 Bxc2 14. Be3
Rd8 15. Nd2 Bd6 16. Re1 Ne7 17. Rb5 b6 18. Rb2 Ba4 19. Bg5 Bc6 20. f4 Bc5+ 21.
Kh1 Ba3 22. Rc2 Ba4 23. Bb3 Bxb3 24. axb3 f6 25. Bh4 Bd6 26. Ne4 Kf7 27. fxe5
Bxe5 28. Rf1 Qc6 29. Ng5+ Kg6 30. Nh3 Rd3 31. Be1 Rxh3 32. Rf3 Rxf3 33. gxf3
Qxf3+ 34. Rg2+ Kf7 35. Kg1 Nf5 36. Rf2 Qe3 37. Kf1 Re8 38. Bd2 Qd3+ 39. Ke1 Bg3+
40. Kd1 Ne3+ 41. Ke1 Qf1# 0-1

[Event "Challenge"]
[Site "http://www.queenalice.com/game.php?id=403203"]
[Date "2008.5.15"]
[Round "-"]
[White "pierjean"]
[Black "MECFIELD"]
[Result "1-0"]
[WhiteElo "1446"]
[BlackElo "1543"]

1. e4 e5 2. Bc4 Nf6 3. Nf3 Bc5 4. a3 Nxe4 5. Qe2 d5 6. Bb3 Nc6 7. Ba4 O-O 8. b3
Bg4 9. Bxc6 bxc6 10. O-O Qf6 11. d3 Qg6 12. dxe4 Bh3 13. Nh4 Qg4 14. Qxg4 Bxg4
15. Re1 Rad8 16. Be3 d4 17. Bc1 g6 18. b4 Be7 19. g3 Rd6 20. a4 Rf6 21. Bg5 Re6
22. Bxe7 Rxe7 23. a5 f5 24. Kg2 Ref7 25. Nd2 fxe4 26. Rxe4 Rxf2+ 27. Kg1 Bh3 28.
Rd1 g5 29. Nhf3 h5 30. Nxg5 Bg2 31. Rxe5 h4 32. gxh4 R8f4 33. Ne6 Rf6 34. Rg5+
Kf7 35. Nc5 R6f4 36. Rxg2 Kf6 37. Rxf2 Ke5 38. Nd3+ Kf5 39. Rxf4+ Ke6 40. Re1+
Kd5 41. Rf5+ Kd6 42. Nc5 d3 43. Re6# 1-0